The stakes of democracy in South-East Asia

Bewaard in:
Bibliografische gegevens
Hoofdauteur: Mook, Hubertus J. van
Formaat: Boek
Taal:Undetermined
Gepubliceerd in: London Allen and Unwin 1950
Onderwerpen:
Tags: Voeg label toe
Geen labels, Wees de eerste die dit record labelt!
Thư viện lưu trữ: Trung tâm Học liệu Trường Đại học Cần Thơ
LEADER 00535nam a2200193Ia 4500
001 CTU_93517
008 210402s9999 xx 000 0 und d
082 |a 950 
082 |b M817 
100 |a Mook, Hubertus J. van 
245 4 |a The stakes of democracy in South-East Asia 
245 0 |c Hubertus J. van Mook 
260 |a London 
260 |b Allen and Unwin 
260 |c 1950 
650 |a Politics and government 
650 |z Asia, southeastern 
904 |i Bằng 
980 |a Trung tâm Học liệu Trường Đại học Cần Thơ